00774nam a22002057a 4500003000400000005001700004008004100021020001800062020001800080040000600098082001200104245010100116260003200217300004600249520018300295650003200478700001700510700001800527700002300545OSt20260129104910.0121206t2004 xxu||||| |||| 00| 0 eng d a9781902889115 a 1902889118  c0 a720.92210aTaveira sports architecturecintroduction by Mel Gooding .Essay by Edwin Heathcote & Maggie Toy. aLondon :bArtmedia, c2004. a144 p. : bill. (chiefly col.) ; c30 cm. aThis title contains 11 projects of the architect's work in the sphere of sport. A number of the stadia have been built especially for the European Football Championships in 2004. aSports facilitieszPortugal1 aToy, Maggie.1 aGooding, Mel.1 aTaveira, Tomás .